banner koha

Avaliação da atividade mitocondrial em espermatozóides pós-colheita e pós-descongelação de caprinos das raças Boer e Alpina no outono e primavera (Registro n. 191849)

MARC details
000 -LÍDER
campo de controle de tamanho fixo 00954nas a2200301 4500
001 - NÚMERO DE CONTROLE
campo de controle BR0706241
003 - IDENTIFICADOR DO NÚMERO DE CONTROLE
campo de controle BR-BrBNA
005 - DATA E HORÁRIO DA ÚLTIMA TRANSAÇÃO
campo de controle 20231205111304.0
007 - CAMPO FIXO DE DESCRIÇÃO FÍSICA--INFORMAÇÃO GERAL
campo de controle de tamanho fixo ta
008 - CAMPO DE DADOS FIXOS--INFORMAÇÃO GERAL
campo de controle de tamanho fixo 230509b bl.|||p| |||| 00| 00por d
040 ## - FONTE DA CATALOGAÇÃO
Instituição da catalogação original BR-BrBNA
Idioma da catalogação por
Instituição que transcreveu o registro Biblioteca Nacional de Agricultura
041 ## - CÓDIGO DE IDIOMA
Código do idioma do texto/trilha sonora ou título diferente (Pt)
072 ## - CÓDIGO DE CATEGORIA DE ASSUNTO
Código de Categoria de Assunto L53
100 1# - ENTRADA PRINCIPAL--NOME PESSOAL
Nome pessoal Cavalcante, T.V.
100 1# - ENTRADA PRINCIPAL--NOME PESSOAL
Nome pessoal Esper, C.R.
100 1# - ENTRADA PRINCIPAL--NOME PESSOAL
Nome pessoal Ferreira, J.L.
100 1# - ENTRADA PRINCIPAL--NOME PESSOAL
Nome pessoal Dias , F.E.F.
100 1# - ENTRADA PRINCIPAL--NOME PESSOAL
Nome pessoal Azevedo, H.C.
100 1# - ENTRADA PRINCIPAL--NOME PESSOAL
Nome pessoal Cordeiro, M.F.
100 1# - ENTRADA PRINCIPAL--NOME PESSOAL
Nome pessoal Souza, J.A.T.
245 1# - TÍTULO
Título Avaliação da atividade mitocondrial em espermatozóides pós-colheita e pós-descongelação de caprinos das raças Boer e Alpina no outono e primavera
650 ## - ASSUNTO--TERMO TÓPICO
Cabeçalho tópico ou nome geográfico CAPRINO
650 ## - ASSUNTO--TERMO TÓPICO
Cabeçalho tópico ou nome geográfico ESPERMATOZÓIDE
650 ## - ASSUNTO--TERMO TÓPICO
Cabeçalho tópico ou nome geográfico MITOCONDRIA
773 0# - ENTRADA ANALÍTICA
Título Archives of Veterinary Science (Brazil)
ISSN - International Standard Serial Number ISSN 1517-784X
Partes relacionadas (2005), v. 10(2) p. 89-93
Número de controle do registro BR0706241
909 ## -
-- 202311
-- Lúcia
-- 55
-- Lúcia Elande
942 ## - ELEMENTOS DE ENTRADA ADICIONADOS (KOHA)
Fonte da classificação ou esquema de arquivamento na estante Classificação AGRIS
Ocultar no OPAC Não
Tipo de material Koha Analítica
Exemplares
Situação do descarte Fonte da classificação ou esquema de arquivamento na estante Situação física Não pode ser emprestado Biblioteca de origem Biblioteca atual Localização na estante Enumeração do periódico / cronologia Total de empréstimos Data de último acesso Número do exemplar Tipo de material Koha Fonte de aquisição
  Classificação AGRIS   Consulta local Biblioteca Nacional de Agricultura - Binagri Biblioteca Nacional de Agricultura - Binagri   (2005), v. 10(2) p. 89-93   29/11/2023 01 Periódicos Portaria Interministerial nº 164/94

BINAGRI

Telefone: (61)3218-2567/2388/3357/2097 - binagri@agro.gov.br

Ministério da Agricultura e Pecuária , Esplanada dos Ministérios, Bloco D, Anexo B, Brasília/DF, CEP: 70.043-900